Obnova a modernizácia bytového domu

Enregistré dans:
Détails bibliographiques
Auteur principal: Sedlár, Marcel (Auteur)
Autres auteurs: Mikolai, Imrich (Directeur de thèse)
Format: Manuscrit Livre
Langue:slovaque
Publié: 2020
Sujets:
Accès en ligne:http://is.stuba.sk/zp/portal_zp.pl?podrobnosti=152318
https://opac.crzp.sk/?fn=detailBiblioForm&sid=F0D9EA643ED4040319EC161BE0B8
Tags: Ajouter un tag
Pas de tags, Soyez le premier à ajouter un tag!

MARC

LEADER 00000ntm a22000003a 4500
001 stuzp78955
003 SK-STU
005 20230522145035.8
007 ta
008 150427s2015----xo-----f-mn---000-0-slo-d
040 |a STU  |b slo 
041 0 |a slo 
100 1 |a Sedlár, Marcel  |u 010180  |4 aut  |U SvF Stavebná fakulta  |T SvF Katedra konštrukcií pozemných stavieb  |X 75599  |U V180  |Y 18  |7 75599 
242 0 1 |a Renovation and modernization of apartment building  |y eng 
245 1 0 |a Obnova a modernizácia bytového domu 
260 |c 2020 
650 4 |a modernizácia  |2 slo 
650 4 |a štartovacie byty  |2 slo 
650 4 |a prestavba  |2 slo 
650 4 |a first time buyers‘ flats  |2 eng 
650 4 |a reconstruction  |2 eng 
650 4 |a modernization  |2 eng 
700 1 |a Mikolai, Imrich  |u 010180  |k Z1  |4 ths  |U SvF Stavebná fakulta  |T SvF Katedra konštrukcií pozemných stavieb  |X 774  |U V180  |Y 18  |7 A000000774 
856 4 |u http://is.stuba.sk/zp/portal_zp.pl?podrobnosti=152318 
856 4 |u https://opac.crzp.sk/?fn=detailBiblioForm&sid=F0D9EA643ED4040319EC161BE0B8